| 000 | 01491nam a22002417a 4500 | ||
|---|---|---|---|
| 003 | OSt | ||
| 005 | 20260515142354.0 | ||
| 008 | 260515b |||||||| |||| 00| 0 eng d | ||
| 020 | _a9781787475489 | ||
| 040 | _aKenya National Library Service | ||
| 082 | _a891.733 GOG | ||
| 100 |
_aGogol, Nikolai _eAuthor |
||
| 245 |
_aA Place bewitched and other stories / _cNikolai Gogol, translated from the Russian by Constance Garnett, selected with a preface by Natasha Randall. |
||
| 300 |
_axii, 320 pages ; _c20 cm. |
||
| 520 | _aA wounded solider vanishes into notoriety. A nose is found in a loaf of bread. Places - like the Nevesky Prospect - are not what they seem. Nikolai Gogol was one of the nineteenth century's greatest and most influential Russian writers, a realist whose witty and acerbic observations and his taste for the absurd give his writing its strange, comic voice. Selected from the work of Constance Garnett, one of Gogol's earliest translators, this edition presents a new, exclusive collection of Gogol's short fiction, selected and lightly revised by Natasha Randall. Contextualized by Randall's preface, and full of the wit of Garenett's work, this edition is the perfect introduction to Gogol, and a must for the enthusiast. | ||
| 650 | _aShort Stories. | ||
| 650 | _aRussian fiction. | ||
| 700 |
_aGarnett, Constance _eAuthor |
||
| 700 |
_aRandall, Natasha _eAuthor |
||
| 942 |
_2ddc _cBK _n0 |
||
| 999 |
_c492755 _d492755 |
||